000 00264nam a22001217a 4500
008 170619b xxu||||| |||| 00| 0 eng d
041 _aeng
080 _a91(7/8)
100 _a18
101 _aSHH
245 _aAMERICA MOVES WEST
_cRIEGEL.R.E
942 _2udc
_cBK
999 _c18056
_d18056